| 000 | 00575 a2200205 4500 | ||
|---|---|---|---|
| 001 | 43799 | ||
| 005 | 20260407155718.0 | ||
| 008 | 260407a1971 arg spa d | ||
| 003 | AR-UNSa-BCEJYS | ||
| 040 |
_aAR-UNSa-BCEJYS _bspa _cAR-UNSa-BCEJYS |
||
| 080 |
_a330.342.14 _xEconomÃa capitalista |
||
| 245 | 1 | 0 | _aCapitalismo en transición |
| 264 | 1 |
_aMadrid : _bTecnos _c1971 |
|
| 300 |
_a166 p. _c23 cm. |
||
| 505 | _a1. El hombre - 2. El proceso - 3. El contenido | ||
| 041 | _aspa | ||
| 942 | _cBK | ||
| 590 | _aniveau_biblio:m niveau_hierar:0 | ||
| 100 | 1 | _aWalter, Elmar | |
| 999 |
_c3718 _d3718 |
||